| 000 | 00637 a2200229 4500 | ||
|---|---|---|---|
| 001 | 9244 | ||
| 003 | Complexo Educacional Contemporaneo | ||
| 005 | 20230919130222.0 | ||
| 008 | 201130s[--- r por d | ||
| 040 |
_aComplexo Educacional Contemporaneo _bpor |
||
| 080 | _a82-93 | ||
| 082 | _a82-93 | ||
| 090 |
_a82-93 M946m _bAP |
||
| 100 | _aMueller, Suzanna | ||
| 240 | 1 | 0 |
_aO Mundo Colorido da Criança _lPortuguês |
| 260 |
_aRio de Janeiro _bFase _c[---?] |
||
| 300 | _a57p. | ||
| 362 | 0 | _a([---?]) | |
| 650 | 4 | _aLiteratura Infanto Juvenil | |
| 245 | 1 | 0 | _aO Mundo Colorido da Criança |
| 999 |
_c9244 _d9244 |
||